000 01463cam a2200385Ii 4500
001 62621
003 BD-RjUL
005 20211209081114.0
008 191126m18731876enkaf b 001 0 eng d
035 _aMITb10214169
035 _a(BD-RjUL)62747
040 _aIAT
_cIAT
_dOCL
_dm.c.
_dMYG
_beng
041 _aeng
049 _aMYGG
082 _223
_a720.954
_bFEH
090 _aNA200
_b.F354 1874
099 _aNA200.F354 1874
100 1 _aFergusson, James,
_d1808-1886.
_9235539
245 1 2 _aA history of architecture in all countries :
_bfrom the earliest times to the present day /
_cby James Fergusson.
250 _a2d ed.
260 _aLondon :
_bJ. Murray,
_c1873-1876.
300 _a4 v., 1 leaf of plates :
_bill. ;
_c22 cm.
336 _atext
_btxt
_2rdacontent
337 _aunmediated
_bn
_2rdamedia
338 _avolume
_bnc
_2rdacarrier
504 _aIncludes bibliographical references and indexes.
505 0 _av. 1-2. A history of architecture in all countries. 1874.--v. 3. History of Indian and eastern architecture. 1876.--v. 4. History of the modern styles of architecture. 1873.
650 0 _aArchitecture
_xHistory.
_9235540
942 _cRAR
_2ddc
999 _c62621
_d62621